Andrea Palladio 1508-1580: arquitecto entre el Renacimiento y el Barroco
Saved in:
| Main Authors: | , |
|---|---|
| Format: | Book |
| Language: | Spanish |
| Published: |
Colonia
Benedikt Taschen
1999
|
| Subjects: | |
| Tags: |
Add Tag
No Tags, Be the first to tag this record!
|
MARC
| LEADER | 00000nam a2200000 a 4500 | ||
|---|---|---|---|
| 001 | UCL9707 | ||
| 003 | CL-VaPUC | ||
| 005 | 20230120164321.0 | ||
| 008 | 040820e19990000GW |||||||||||||||||spa|d | ||
| 999 | |c 310421 |d 310419 | ||
| 020 | |a 3822875872 | ||
| 040 | |c Pontificia Universidad Católica de Valparaíso | ||
| 082 | 0 | 4 | |a 724.1 |b WUN |2 21 |
| 100 | 0 | |a Wundram, Manfred |e author |9 487633 | |
| 245 | 1 | 0 | |a Andrea Palladio 1508-1580: arquitecto entre el Renacimiento y el Barroco |
| 260 | |a Colonia |b Benedikt Taschen |c 1999 | ||
| 300 | |a 248 p | ||
| 583 | |a last modification |c 20040820 00:00:00 |k Rodrigo Vera | ||
| 600 | |a Palladio, Andrea |d 1508-1580 |9 491093 | ||
| 650 | 0 | |a Arquitectura renacentista |9 265337 | |
| 651 | 0 | |a Italia |9 254949 | |
| 700 | 0 | |a Pape, Thomas |e author |9 487634 | |
| 942 | |c BK |2 ddc | ||
| 945 | |d 20040820 00:00:00 |a cmena | ||
| 952 | |0 0 |1 0 |4 0 |6 724_100000000000000_WUN_1999 |7 0 |8 R |9 378814 |a BIBART |b BIBART |d 2019-11-21 |i 4046943 |o 724.1 WUN 1999 |p 4046943 |r 2025-03-13 |w 2019-11-21 |y BK_R |k ART | ||